Normal view
MARC view
- Unbeliever of Allah
Entry Topical Term
001 - CONTROL NUMBER
- control field: 3644
003 - CONTROL NUMBER IDENTIFIER
- control field: JO-AjAnu
005 - DATE AND TIME OF LATEST TRANSACTION
- control field: 20230606070911.0
008 - FIXED-LENGTH DATA ELEMENTS
- fixed length control field: 230606|| aca||aabn | a|a d
040 ## - CATALOGING SOURCE
- Original cataloging agency: JO-AjAnu
- Transcribing agency: JO-AjAnu
150 ## - HEADING--TOPICAL TERM
- Topical term or geographic name entry element: Unbeliever of Allah
670 ## - SOURCE DATA FOUND
- Source citation: Work cat.: (JO-AjAnu)1900: Kashmiri, Fadlur Rahman , Translated & Abridged by: Khola Hasan, Foreword by: Suhaib Hasan, author 3643, The Many Shades of Shirk=الشرك وأنواعه